00661nam a2200229Ia 450000100060000000300090000600800410001504000130005604000130006904100130008210000170009510000290011224500550014124500290019625000110022526000110023626000230024726000490027030000570031965000240037665000310040060921IT-RoPAU130308s9999 xx 000 0 und d aIT-RoPAU cIT-RoPAU aITALIANO aGubern Roman gCodice Aut. SPICS: 5725 aPolitiche culturali in Europa nell'era elettronica bEuropa dei telefilm (L') a1a ed. aTORINO bERI - Edizioni Rai c1987 [1° Ed.:1987 - Ed.Ling.Originale:1984] a"5 p. (prefazione: no ; testo: 5 [pagine: 221-225])" aTEORICHE TELEVISIVE eCodice materia Spics: 6955